| 000 | 004530000a22001810004500 | ||
|---|---|---|---|
| 003 | MACL | ||
| 005 | 20160130163251.0 | ||
| 008 | 160130b xxu||||| |||| 00| 0 eng d | ||
| 040 |
_aMACL _cMACL |
||
| 041 | _aEnglish | ||
| 082 | _a332 | ||
| 100 |
_aArihant Publication _936291 |
||
| 245 | _aHand book bank for clerk Recruitment Exams | ||
| 260 |
_aMeerut _bArihant Publication |
||
| 350 | _a295 | ||
| 650 |
_aBanking _9281 |
||
| 942 |
_cBK _k333/ARI _2ddc |
||
| 999 |
_c44768 _d44768 |
||